000
00204 a2200109 4500
020
_a
9781455515936
041
_a
eng
100
_a
James Patterson
245
_a
Private vegas
942
_c
BK
952
_7
4
999
_c
19561
_d
19561